| 000 | 02929nam a2200349 i 4500 | ||
|---|---|---|---|
| 001 | 000045282 | ||
| 003 | DO-SdBNP | ||
| 005 | 20260416191046.0 | ||
| 007 | ta | ||
| 008 | 150224s2008 dr c 001 0 spa d | ||
| 020 | _a9789945861396 | ||
| 040 |
_aDO-SdBNP _bspa _cBNPHU _erda |
||
| 082 | 4 |
_222 _bA473e _aRD 972.93053 |
|
| 100 | 1 |
_aÁlvarez Pina, Virgilio _973307 _eautor |
|
| 245 | 1 | 3 |
_aLa Era de Trujillo : _bnarraciones de Don Cucho / _cVirgilio Álvarez Pina ; prólogo, Bernardo Vega ; Revisión de originales y cuidado de edición, Mario Álvarez Dugan y Ángela Peña |
| 250 | _a2da. reimpresión | ||
| 264 |
_aSanto Domingo : _bCorripio, _c2008 |
||
| 300 |
_a271 páginas : _bilustraciones, retratos ; _c27 cm. |
||
| 336 |
_2rdacontent _atexto _btxt |
||
| 337 |
_2rdamedia _asin mediación _bn |
||
| 338 |
_2rdacarrier _avolumen _bnc |
||
| 500 | _aIncluye índice onomástico. / Ángela Peña. | ||
| 500 | _aIncluye datos biográficos del autor en las solapas de las cubiertas. | ||
| 505 |
_aPrólogo / _rBernardo Vega.-- _tLa noche del 30 de mayo / _rVirgilio Álvarez Bonilla (Villi).-- _t30 años después.-- ¿Perseverancia o suerte?.-- El golpe consumado.-- Ambicioso y peligroso.-- El pupilo de Horacio Vásquez.-- El pupilo de Horacio Vásquez.-- Conspiración manifiesta.-- Trujillo toma posesión.-- San Zenón.-- Consolidación del régimen.-- La muerte de Desiderio Arias.-- Mi entendimiento con Trujillo.-- Breve desgracia.-- Años de gloria y de comedia.-- La matanza de los haitianos.-- Un extranjero en Palacio.-- Última presidencia de Trujillo.-- _tEl ascenso de Anselmo Paulino.-- "El Castillo o la casa de Orate". Foro Público.-- El llamado "cuchipaineo".-- Reclusión en "El Algodonal".-- Trujillo en Europa y Descenso de Anselmo.-- La feria de la Paz.-- El caso Galíndez.-- La invasión del 14 de Junio.-- El movimiento clandestino.-- En la Secretaría de Cultos.-- La Carta Pastoral.-- Encuentro con los obispos.-- Entrevista secreta.-- El caso del Banco Central.-- Viaje a la frontera.-- _tEl incidente de Puerto Plata.-- Los últimos días de Trujillo.-- "Los dejo y pronto".-- Martes, 30 de Mayo.-- La tarde del 30 de mayo.-- Sucesos después de la muerte.-- Viva el Jefe.-- La persecución.-- Consecuencias posteriores.-- Después de Muerto Trujillo ¿qué?.-- Días difíciles.--- Mi entrevista con Ramfis.-- Tiempo de exilio. _tAnexo I.-- Fotografías.-- Anexo II.-- _tEl espectro del Mogote / _rVirgilio Álvarez Sánchez.-- _tRelatos de "Cuchito" / _tÍndice onomástico / _rMario Álvarez Durán.-- _tÁngela Peña. |
||
| 590 | _aInventariado 2024 / MF | ||
| 600 | 1 | 0 |
_aTrujillo Molina, Rafael Leónidas, _d 1891-1961 _976764 |
| 651 | 4 |
_919019 _aRepública Dominicana _xHistoria _yEra de Trujillo, 1930-1961 |
|
| 700 | 1 |
_aVega, Bernardo, _d1938 - _eprologo _93222 |
|
| 700 |
_a Alvarez Dugan, Mario _d1931-2008 _eeditor _923311 |
||
| 700 | 1 |
_aPeña, Angela, _eeditor _937722 |
|
| 942 |
_2ddc _cLBS1 |
||
| 999 |
_c44771 _d44771 |
||